Ragazzi chimici : confessioni di chemsex /

محفوظ في:
التفاصيل البيبلوغرافية
المؤلفون الرئيسيون: Infante, Angela (مؤلف), Mauri, Andrea, (1966-) (مؤلف)
مؤلفون آخرون: Nimbi, Filippo Maria (مؤلف الخاتمة، الافتتاحية، إلخ.)
التنسيق: كتاب
اللغة:الإيطالية
منشور في: Roma : Ensemble, 2020
سلاسل:Officina
الوسوم: إضافة وسم
لا توجد وسوم, كن أول من يضع وسما على هذه التسجيلة!

MARC

LEADER 00000nam a22000007i 4500
001 IT\ICCU\BCT\0064862
003 ItRI
005 20260220171241.0
008 220322s2020 it |||||| ||||| |||||c
020 |a 9788868817350 
024 3 1 |a 9788868817350 
040 |b ita  |c NP 
041 7 |a ita  |2 ISO-639-2 
100 1 |a Infante, Angela  |0 IT\ICCU\BCTV\015756  |4 aut 
240 1 0 |a Ragazzi chimici  |9 Infante, Angela 
245 1 0 |a Ragazzi chimici :  |b confessioni di chemsex /  |c Angela Infante, Andrea Mauri ; postfazione di Filippo Maria Nimbi. 
260 |a Roma :  |b Ensemble,  |c 2020 
300 |a 92 p. :  |b ill. ;  |c 20 cm 
700 1 |a Mauri, Andrea,  |d  (1966-)  |0 IT\ICCU\SBNV\089210  |4 aut 
700 1 |a Nimbi, Filippo Maria  |0 IT\ICCU\BCTV\015757  |4 aft 
830 0 |a Officina  |0 IT\ICCU\BVE\0786059 
942 |2 ddc  |c BK  |n 0 
952 |0 0  |1 0  |2 ddc  |4 0  |6 306_700000000000000_INF_RAG  |7 0  |9 33132  |a RO  |b RO  |d 2026-02-20  |l 0  |o 306.7 INF RAG  |p 11724  |r 2026-02-20 17:18:18  |w 2026-02-20  |y BK 
981 1 |6 z01  |a i   |b xxxe  
982 1 |6 z01  |a n 
999 |c 28791  |d 28791